000 00550nam a22001697a 4500
082 _a951.9042
_bREE
_cL-30, P-38
100 _aRees, David
_949057
245 _aKorea: the limited war
_cRees, David
260 _aNew York
_bThe macmillan company of canada limited, Toronto
_c1964
300 _a511p.:
_bill,;
_c20 cm.
526 _a0
_b0
_c0
_d951_904200000000000_REE
526 _a0
_b0
_c0
_d951_904200000000000_REE
526 _a0
_b0
_c0
_d951_904200000000000_REE
526 _a0
_b0
_c0
_d951_904200000000000_REE
650 _aMCE
_9379
942 _2ddc
_cBK
999 _c551890
_d551890